00846cam a22002174a 4500020001500000040000800015082002600023100002500049245005800074260004300132300003500175650002800210650003600238700002700274700002000301856006800321856006800389942000700457999001700464952014700481 a0073524360 cDLC00a658 MCG 2006 A050 Or.1 aVan Horn, Richard L.10aInformation systems solutions :ba project approach / aNew York :bMcGraw-Hill Irwin,cc2006. axvii, 530 p. :bill. ;c24 cm. 0aInformation technology. 0aManagement information systems.1 aSchwarzkopf, Albert B.1 aPrice, R. Leon.41uhttp://www.loc.gov/catdir/enhancements/fy0625/2005053443-t.html42uhttp://www.loc.gov/catdir/enhancements/fy0632/2005053443-d.html cEK c14258d14258 0010406658_000000000000000_MCG_2006_A050_OR70966273aLBAbLBAcA050d2017-10-11o658 MCG 2006 A050 Or.pA19988r2017-10-11w2017-10-11yEK